Study on effectiveness on land registration through order 01, សិក្សាពីប្រសិទ្ធភាពនៃការចុះបញ្ចីដីធ្លីតាមបទបញ្ជាលេខ ០១ (Record no. 7391)
[ view plain ]
| 000 -LEADER | |
|---|---|
| fixed length control field | 00580nam a22001457a 4500 |
| 003 - CONTROL NUMBER IDENTIFIER | |
| control field | OSt |
| 005 - DATE AND TIME OF LATEST TRANSACTION | |
| control field | 20160303155603.0 |
| 008 - FIXED-LENGTH DATA ELEMENTS--GENERAL INFORMATION | |
| fixed length control field | 160303b xxu||||| |||| 00| 0 eng d |
| 040 ## - CATALOGING SOURCE | |
| Transcribing agency | RUA |
| 082 ## - DEWEY DECIMAL CLASSIFICATION NUMBER | |
| Classification number | LMA VA B454 Or.1 |
| 100 ## - MAIN ENTRY--PERSONAL NAME | |
| 9 (RLIN) | 7791 |
| Personal name | VA SOPHEAK; វ៉ា សុភ័ក្រ្ត |
| 245 ## - TITLE STATEMENT | |
| Title | Study on effectiveness on land registration through order 01, សិក្សាពីប្រសិទ្ធភាពនៃការចុះបញ្ចីដីធ្លីតាមបទបញ្ជាលេខ ០១ |
| 300 ## - PHYSICAL DESCRIPTION | |
| Extent | xi,64p. |
| Other physical details | ill. |
| Dimensions | 29cm. |
| 942 ## - ADDED ENTRY ELEMENTS (KOHA) | |
| Source of classification or shelving scheme | |
| Koha item type | LMA |
| Price effective from | Date last seen | Permanent Location | Not for loan | Date acquired | Source of classification or shelving scheme | Koha item type | Lost status | Withdrawn status | Total Renewals | Date last checked out | Total Checkouts | Shelving location | Damaged status | Barcode | Current Location | Full call number |
|---|---|---|---|---|---|---|---|---|---|---|---|---|---|---|---|---|
| 2016-03-03 | 2022-08-26 | Library Block B | 2016-03-03 | LMA | 2022-08-10 | 1 | B454 | RUA055048 | Library Block B | LMA VA B454 Or.1 | ||||||
| 2016-03-03 | 2016-03-03 | Library Block B | 2016-03-03 | LMA | B454 | RUA055053 | Library Block B | LMA VA B454 Or.2 | ||||||||
| 2016-03-03 | 2016-03-03 | Library Block B | 2016-03-03 | LMA | B454 | RUA055106 | Library Block B | LMA VA B454 Or.3 | ||||||||
| 2016-03-03 | 2016-03-03 | Library Block B | 2016-03-03 | LMA | B454 | RUA055224 | Library Block B | LMA VA B454 Or.4 | ||||||||
| 2016-03-03 | 2016-03-03 | Library Block B | 2016-03-03 | LMA | B454 | RUA055163 | Library Block B | LMA VA B454 Or.5 | ||||||||
| 2016-03-03 | 2024-11-08 | Library Block B | 2016-03-03 | LMA | 2024-10-31 | 2 | B454 | RUA055167 | Library Block B | LMA VA B454 Or.6 | ||||||
| 2016-03-03 | 2024-10-28 | Library Block B | 2016-03-03 | LMA | 2 | 2024-09-09 | 3 | B454 | RUA054845 | Library Block B | LMA VA B454 Or.7 | |||||
| 2016-03-03 | 2019-10-25 | Library Block B | 2016-03-03 | LMA | 2019-10-11 | 1 | B454 | RUA054610 | Library Block B | LMA VA B454 Or.8 |